How You Get The Girl lyrics - Statistics

General Stats
  • This quiz has been taken 462 times
  • The average score is 316 of 349
Answer Stats
Lyrics % Correct
a
99%
I
99%
the
99%
you
99%
and
98%
And
98%
get
97%
girl
97%
girl,
97%
how
97%
it
97%
be,
96%
be
96%
That
96%
for
95%
that's
95%
when
95%
say,
94%
Say
94%
say
94%
want,
94%
want
94%
ever
93%
works,
93%
your
93%
to
92%
better
90%
in
90%
would
90%
wait
89%
back
88%
or
88%
worse
88%
heart,
87%
put
87%
then
87%
together
87%
her
86%
it's
85%
oh
85%
Broke
84%
been
82%
I'll
82%
tell
82%
Tell
82%
like
81%
on
81%
rain,
81%
rain
81%
Stand
81%
there
81%
up
81%
"Are
80%
long
80%
lost
80%
what
80%
-ane?"
79%
go
79%
door
78%
insane,
78%
me
78%
me,
78%
six
78%
months
77%
used
77%
cheeks,
76%
cheeks
76%
ghost,
76%
open
76%
kisses
75%
shaking
75%
too
75%
mind
73%
never
73%
of
73%
Yeah,
73%
yeah
73%
yeah,
73%
frames
72%
pictures
72%
Pictures
72%
were
72%
She'll
71%
told
71%
why,
71%
why
71%
afraid
70%
all
68%
you're
68%
now
67%
left
66%
Remind
66%
alone
65%
got
63%
don't
62%
know,
57%
with
57%
must've
54%
could
22%
No matching quizzes found
Score Distribution
Percent of People with Each Score
Percentile by Number Answered
Your Score History
You have not taken this quiz